| 000 | 00870nam a2200301 a 4500 | ||
|---|---|---|---|
| 003 | AR-BaBNM | ||
| 005 | 20251128205315.0 | ||
| 008 | 082120s2002 ||||||||||||||000 | spa|| | ||
| 020 | _a950-843-183-0 | ||
| 040 | _cAR-BaBNM | ||
| 110 | 2 | _aEmpresa de Energía de La Plata | |
| 245 | 0 | 0 | _aQuince narradores regionales |
| 260 |
_aBuenos Aires _bVinciguerra _c1996 |
||
| 300 | _a142 p. | ||
| 500 | _aLa presente obra incluye los trabajos seleccionados en el "Primer concurso EDELAP de cuentos" | ||
| 650 | 4 | _aLITERATURA ARGENTINA | |
| 650 | 4 | _aCUENTOS | |
| 650 | 4 | _aANTOLOGIAS | |
| 650 | 4 | _aLITERATURA CONTEMPORANEA | |
| 650 | 4 | _aESCRITORES | |
| 653 | _aNARRATIVA | ||
| 655 | _aLITERATURA | ||
| 700 | 1 |
_aAbós, Alvaro _ecompilador |
|
| 700 | 1 |
_aBáñez, Gabriel _ecompilador |
|
| 700 | 1 |
_aChitarroni, Luis _ecompilador |
|
| 942 | _cBK | ||
| 998 | _cMARTIN | ||
| 999 |
_c10855 _d10855 |
||